Winning ways: (Record no. 13174)

000 -LEADER
fixed length control field 00720nam a2200217 a 4500
001 - CONTROL NUMBER
control field :::00010992$&:&@@
003 - CONTROL NUMBER IDENTIFIER
control field OkBaRHE
005 - DATE AND TIME OF LATEST TRANSACTION
control field 20000607103404.0
008 - FIXED-LENGTH DATA ELEMENTS--GENERAL INFORMATION
fixed length control field s1987 j 000 0 eng u
020 ## - INTERNATIONAL STANDARD BOOK NUMBER
International Standard Book Number 0882077074
040 ## - CATALOGING SOURCE
Transcribing agency
100 1# - MAIN ENTRY--PERSONAL NAME
Personal name Eims, LeRoy.
245 10 - TITLE STATEMENT
Title Winning ways:
Remainder of title the adventure of sharing Christ.
260 ## - PUBLICATION, DISTRIBUTION, ETC. (IMPRINT)
Place of publication, distribution, etc Wheaton, IL., :
Name of publisher, distributor, etc Victor Books
Date of publication, distribution, etc 1987
300 ## - PHYSICAL DESCRIPTION
Extent 160 p. ;
Dimensions 18 cm.
490 0# - SERIES STATEMENT
Series statement An Input book
650 ## - SUBJECT ADDED ENTRY--TOPICAL TERM
Topical term or geographic name as entry element Witness Bearing (Christianity)
942 ## - ADDED ENTRY ELEMENTS (KOHA)
Source of classification or shelving scheme
Koha item type Books
Copies
Price effective from Copy number Lost status Withdrawn status Shelving location Barcode Date last seen Source of classification or shelving scheme Date acquired Damaged status Koha item type Not for loan Permanent Location Full call number Current Location
2010-04-141  General Stacks109922010-04-14 2010-04-14 Books RHEMA Bible Training CollegeBV 4520 .E35 
2010-04-142  General Stacks200172014-03-14 2010-04-14 Books RHEMA Bible Training CollegeBV 4520 .E35RHEMA Bible Training College